Geografía e Historia: investigación, innovación y buenas prácticas
Wedi'i Gadw mewn:
| Prif Awdur: | |
|---|---|
| Fformat: | Llyfr |
| Iaith: | Sbaeneg |
| Cyhoeddwyd: |
Barcelona
Graó
2011
|
| Rhifyn: | 1a. ed |
| Cyfres: | Formación del Profesorado. Educación Secundaria, 8-3
|
| Pynciau: | |
| Tagiau: |
Ychwanegu Tag
Dim Tagiau, Byddwch y cyntaf i dagio'r cofnod hwn!
|
MARC
| LEADER | 00000cam a2200000 a 4500 | ||
|---|---|---|---|
| 001 | UCF0003 | ||
| 003 | CL-VaPUC | ||
| 008 | 120420e20110700SP |||||||||||||||||spa|d | ||
| 020 | |a 9788499803012 | ||
| 082 | 0 | 4 | |a 370.71 |b PRA |2 21 |
| 100 | 0 | |a Prats Cuevas, Joaquim |e author |9 561804 | |
| 245 | 1 | 0 | |a Geografía e Historia: investigación, innovación y buenas prácticas |
| 250 | |a 1a. ed | ||
| 300 | |a 231 p | ||
| 942 | |c BK | ||
| 945 | |d 20120420 00:00:00 |a dcastane | ||
| 260 | |a Barcelona |b Graó |c 2011 | ||
| 650 | 0 | |a Historia y geografía |9 442612 | |
| 650 | 0 | |a Métodos de enseñanza |9 270413 | |
| 650 | 0 | |a Métodos de investigación |9 262618 | |
| 583 | |a last modification |c 20150107 01:58:17 |k Rodrigo Vera | ||
| 490 | 0 | |a Formación del Profesorado. Educación Secundaria, 8-3 | |
| 999 | |c 347525 |d 347523 | ||
| 952 | |0 0 |1 0 |4 0 |6 370_710000000000000_PRA_2011 |7 0 |8 A |9 448931 |a BIBING |b BIBING |d 2019-11-22 |i 484324K |o 370.71 PRA 2011 |p 484324K |r 2025-01-20 |w 2019-11-22 |y BK |k GEO | ||
| 952 | |0 0 |1 0 |4 0 |6 370_710000000000000_PRA_2011 |7 0 |8 A |9 448932 |a BIBING |b BIBING |d 2019-11-22 |i 4953169 |o 370.71 PRA 2011 |p 4953169 |r 2025-01-20 |w 2019-11-22 |y BK |k GEO | ||